| 000 | 01338cam a2200361 a 4500 | ||
|---|---|---|---|
| 001 | 16628162 | ||
| 003 | OSt | ||
| 005 | 20230620113158.0 | ||
| 008 | 110128s2011 enk b 001 0 eng | ||
| 010 | _a 2011004242 | ||
| 020 | _a9780195384208 (hbk. : alk. paper) | ||
| 040 |
_aDLC _cDLC _dDLC |
||
| 042 | _apcc | ||
| 043 | _an-us--- | ||
| 050 | 0 | 0 |
_aKF156 _b.G367 2011 |
| 082 | 0 | 0 |
_a340.0322 _222 _bGAR |
| 100 | 1 | _aGarner, Bryan A. | |
| 245 | 1 | 0 |
_aGarner's dictionary of legal usage / _cBryan A. Garner ; with a foreword by Judge Thomas M. Reavley. |
| 246 | 3 | 0 | _aDictionary of legal usage |
| 250 | _a3rd ed. | ||
| 260 |
_aOxford ; _aNew York : _bOxford University Press, _c2011. |
||
| 300 |
_axxx, 991 p. ; _c26 cm. |
||
| 500 | _aRev. ed. of: A dictionary of modern legal usage / Bryan A. Garner. 2nd ed. 1995. | ||
| 504 | _aIncludes bibliographical references (p. 961-963) and indexes. | ||
| 650 | 0 |
_aLaw _zUnited States _vTerminology. |
|
| 650 | 0 |
_aLaw _zUnited States _xLanguage. |
|
| 650 | 0 | _aLegal composition. | |
| 650 | 0 |
_aEnglish language _xUsage _vDictionaries. |
|
| 700 | 1 |
_aGarner, Bryan A. _tA dictionary of modern legal usage. |
|
| 906 |
_a7 _bcbc _corignew _d1 _eecip _f20 _gy-gencatlg |
||
| 942 |
_2ddc _cBK |
||
| 999 |
_c1649 _d1649 |
||